Titres de Michael Jackson - albums - Statistiques

Statistiques générales
  • Ce quiz a été pris 153 fois
  • Le résultat moyen est 12 sur 15
Statistiques - réponses
Titre Album % Correct
Billie Jean Thriller
99%
Dirty Diana Bad
96%
Beat it Thriller
96%
Liberian girl Bad
87%
Heal the world Dangerous
86%
Smooth criminal Bad
81%
Stranger in Moscow HIStory
79%
Don’t stop ‘til you get enough Off the wall
79%
You are not alone HIStory
77%
You rock my world Invincible
77%
In the closet Dangerous
73%
Earth song HIStory
72%
Rock with you Off the wall
70%
Human nature Thriller
70%
A place with no name Xscape
54%
Aucun quiz correspondant
Distribution des résultats
% des personnes avec chaque résultat
Percentile par nombre de réponses
Votre historique - résultats
Vous n’avez pas pris ce quiz